Suomen kauppalat - Statistics

Yleistilastot
  • Tätä visaa on pelattu 89 kertaa
  • Keskiarvotulos 21 / 57
Vastaustilastot
Hint Vastaus % Oikein
1963-1972 Espoo
58%
1860-1891 Iisalmi
55%
1887-1960 Salo
55%
1972-1974 Vantaa
55%
1923-1964 Forssa
52%
1948-1971 Imatra
48%
1969-1977 Jämsä
48%
1966-1974 Raisio
48%
1931-1960 Seinäjoki
48%
1926-1960 Hyvinkää
45%
1967-1972 Kankaanpää
45%
1878-1905 Lahti
45%
1936-1973 Lieksa
45%
1922-1960 Riihimäki
45%
1929-1960 Rovaniemi
45%
1932-1973 Äänekoski
42%
1923-1960 Kouvola
42%
1964-1977 Lapua
42%
1922-1969 Loimaa
42%
1876-1974 Nurmes
42%
1930-1962 Pieksämäki
42%
1929-1962 Varkaus
42%
1974-1977 Alavus
39%
1858-1977 Ikaalinen
39%
1957-1973 Kemijärvi
39%
1926-1969 Lohja
39%
1968-1977 Outokumpu
39%
1946-1977 Toijala
39%
1965-1971 Ylivieska
39%
1972-1977 Huittinen
35%
1924-1970 Kerava
35%
1937-1977 Nokia
35%
1972-1977 Parkano
35%
1923-1963 Valkeakoski
35%
1907-1965 Vammala
35%
1951-1967 Järvenpää
32%
1932-1977 Karkkila
32%
1920-1972 Kauniainen
32%
1967-1977 Haapajärvi
29%
1968-1977 Harjavalta
29%
1972-1977 Kokemäki
29%
1967-1977 Oulainen
29%
1948-1977 Parainen
29%
1967-1977 Suonenjoki
29%
1975-1977 Anjalankoski
26%
1951-1977 Karhula
26%
1930-1977 Karjaa
26%
1966-1977 Kurikka
26%
1948-1973 Mänttä
26%
1932-1977 Suolahti
26%
1927-1944 Koivisto
23%
1957-1973 Kuusankoski
23%
1932-1967 Lauritsala
23%
1924-1944 Lahdenpohja
16%
1923-1946 Haaga
13%
1974-1977 Virrat
13%
1922-1937 Pohjois-Pirkkala
3%
Ehtoja vastaavia visoja ei löytynyt
Tulosjakauma
Jokaisen tuloksen saaneiden osuus
Persentiili vastausten määrän mukaan
Tuloshistoriasi
Et ole pelannut tätä visaa